000 00614nam a22001577a 4500
005 20230717115332.0
040 _curs
050 _aHF 5627 P73 2007
245 _aPSA 2007 compilation
_bPSQC, PAPS, PSRS, PSRE, PSAE: Philippine accountancy act of 2004 (RA 9298): implementing rules and regulations to RA 9298: code of ethics for professional accountants in the Philippines
336 _2rdacontent
_atext
_btxt
337 _2rdamedia
_aunmediated
_bn
338 _2rdacarrier
_avolume
_bnc
650 0 _95558
_aAccountants
_vProfessional ethics
650 0 _95559
_aProfessional ethics for accountants
942 _2lcc
_cF
999 _c69612
_d69611